000 00432nam a2200169Ia 4500
001 22136
003 IN-NITTTR
005 20251114233250.0
008 251113s9999||||xx |||||||||||||| ||eng||
040 _beng
040 _cIN-NITTTR
041 _aeng
082 _a658.562 S64P
100 _aSingh, A. N.
245 0 _aPreparation, implementation & registration of ISO 9000 :
_b quality system /
_cSingh, A. N.
942 _2ddc
_cBK
999 _c24765
_d24765